000 01083nam a22002657a 4500
999 _c63530
_d63530
005 20240530110646.0
008 171101s2015 ua h f b | 000 0 ara d
017 _a2014/4716
_bمصر. دار الكتب
020 _a9789773507456
040 _aEG-CaGPL
_cEG-CaGPL
082 0 4 _221
_a646.4 /
_bس د
100 0 _aسامية احمد مصطفى الشيخ
245 1 0 _aدليلك المصور الى الخياطة والنسيج وتصميم الملابس /
_cاعداد سامية احمد مصطفى الشيخ ، حنان عبدالله عبدالرحمن العمودى
250 _aط. 1
260 _aالقاهرة :
_bدار الكتاب الحديث ،
_c2015.
300 _a238 ص. :
_bصور ؛
_c30 سم.
504 _aيشتمل على ارجاعات ببليوجرافية
650 0 7 _2qrmak
_aالحرف اليدوية
650 0 7 _2qrmak
_aالحياكة
650 0 7 _2qrmak
_aالحياكة
_xمستلزمات
650 0 7 _2qrmak
_xتفصيل الملابس
651 _2qrmak
942 _2ddc
_cBK